| 000 | 00711nam a2200193 a 4500 | ||
|---|---|---|---|
| 003 | PILC | ||
| 005 | 20150112093429.0 | ||
| 008 | 100712s19uu xx 00 eng d | ||
| 020 | _a0072226978 | ||
| 050 |
_aTK 5105.5 _b.B725 2004 |
||
| 082 |
_aCSF 005.8 _bB73 2004 |
||
| 245 |
_aNetworking security : The complete reference/ _cRoberta Bragg, Mark Rhodes-Ousley, Keith Strassberg ; with Brian Buege ... [et al.]. |
||
| 260 |
_aCalifornia : _bMcGraw-Hill/Osborne, _c2004. |
||
| 300 |
_a854 pages : _billustration ; _c23 cm. |
||
| 650 |
_aNetworks-Security _xOperating systems security _xNetworks architecture _99236 |
||
| 700 |
_aOusley, Mark Phodes _99237 |
||
| 700 |
_aStrassberg, Keith _99238 |
||
| 942 |
_2lcc _cBK |
||
| 999 |
_c14314 _d14314 |
||